MDQL
is popping MORE tags! Check the
thread
!
Quizzes
Events
Quiz Creation
Community
Videos
Private Events
Remove Ads
Sign In
Join for FREE
Feedback
Dark Mode
Quiz Categories
Sports
Geography
Music
Movies
Television
Just For Fun
Miscellaneous
History
Literature
Language
Science
Gaming
Entertainment
Religion
Holiday
For Kids
Quiz Lab
Recent
Popular Today
Quiz Kudos Today
Editor Picks
Curator Picks
Quizzes by...
Day
Popularity
Type
Ratings
Length
Year
Community
Subscriptions
Recent Discussions
Orange Saloon
Badges
Playlists
Quests
Create
Leaderboards
Showdown
Live 5
Trivia Bingo
Activity
Puzzle Library
Sporcle Events
Private Events
Virtual Trivia
Globe League
Become a Host
Pub Owners
SporcleCon
Opinionation
Our Games
Videos
Blog
Mobile Apps
Partnerships
Remove Ads and Go Orange
Feedback
Music
Pop Music
The Beatles
Song
Album
Lyrics
Bands
Singers
Artist
Clip
Rock
Rap
Classical
Billboard
Country Music
Kpop
Taylor Swift
Music
Pop Music
The Beatles
Song
Album
Lyrics
Bands
Singers
Artist
Clip
Rock
Rap
Classical
Billboard
Country Music
Kpop
Taylor Swift
Random Quiz
Search Sporcle
×
Quiz Lab
Quiz Lab
Music
Artist
Type in answers that appear in a list
Type in answers that appear in a list
Classic
Best Score? Go Orange.
Celebrities in song Stats
Can you name the Celebrities whose full names are mentioned in song lyrics?
By
SporcleEXP
6m
20 Questions
108 Plays
108 Plays
108 Plays
Comments
Comments
Give Quiz Kudos
Give Quiz Kudos
-
- Ratings
hide this ad
Replay
Link that replays current quiz
Next Quiz
Link to next quiz in quiz playlist
You Got
0%
They Got
Avg Score
22%
Avg Friend Score
Upgrade to see
Score Distribution
Jump to the score distribution portion of the page
Score
0/20
Timer
06:00
0
Plays Today
Lyric
Celebrity
% Correct
'Wake up in the morning feeling like _
_
'
P. Diddy
42.6%
'Here's a truckstop instead of St. Peter's/
Yeah yeah yeah yeah/
Mister _
_
's gone wrestling'
Andy Kaufman
41.7%
'_
_
you bought it sight unseen/
You were too fast to live, too young to die, bye bye'
James Dean
36.1%
'The king is gone but he's not forgotten/
Is this the story of _
_
?'
Johnny Rotten
36.1%
'_
_
poet and a prophet/
_
_
taught me how to off it/
_
_
walkin' like he talk it'
Bob Marley
35.2%
'Six o'clock already I was just in the middle of a dream/
I was kissing _
by a crystal blue Italian stream'
Valentino
28.7%
'He needs some cool tunes/
Not just any will suffice/
But they didn't have _
_
/
So he bought _
_
'
Ice Cube, Vanilla Ice
26.9%
'Hot like wasabe when I bust rhymes/
Big like _
_
because I'm all about value'
LeAnn Rimes
26.9%
'I want to be _
_
/
Mr. Jones wishes he were someone just a little more funky'
Bob Dylan
24.1%
'Well I saw _
_
walkin' with the Queen/
Doing the werewolves of London'
Lon Chaney
23.1%
Lyric
Celebrity
% Correct
'It's OK, it's alright, I got something that you gon'' like/
Hey is that true or are you talkin' trash?/
Is your game MVP like _
_
'
Steve Nash
23.1%
'_
_
singing for the lonely/
Hey, that's me/
And I want you only'
Roy Orbison
21.3%
'Now all you _
's and _
_
's and baby dolls/
Get on the floor/
You know what to do'
Beyonce, Lucy Liu
17.6%
'There's a giant doing cartwheels, a statue wearing high heels/
Look at all the happy creatures dancing on the lawn/
A dinosaur victrola, listening to _
_
'
Buck Owens
14.8%
'_
_
's waiting/
Talking Italian'
Robert De Niro
11.1%
'_
_
said it was reet petite/
The kinda love you got knock me off my feet/
Let it all hang out'
Jackie Wilson
9.3%
'I'm feeling tragic like _
_
/
When I look at my China Girl'
Marlon Brando
8.3%
'And children by the millions sing for _
_
when he comes 'round/
They sing I'm in love/
What's that song?'
Alex Chilton
8.3%
'When love walks in the room/
Everybody stand up/
Oh, it's good, good, good/
Like _
_
'
Brigitte Bardot
5.6%
'Now I'm in my car/
I got the radio on/
I'm yellin' at the kids in the back seat 'cause they're bangin' like _
_
'
Charlie Watts
1.9%
Quiz Playlist
Details
Report
Send in Message
Add To Playlist
Classic:
Type in answers that appear in a list
Last Updated: Feb 16, 2017
Quiz Scoreboard
CHALLENGE
Sign Up to Join the Scoreboard
Show All
Scores
Hide
Comments
May contain spoilers
Recently Published
Street Fighter Characters
by Artimus82
Gaming
60s
9x9 Crossword: Cartoon Network
by jackfrog10
Miscellaneous
3m
College Basketball Coaching Resumes
by pancakes188
Sports
9m
More to Explore
Quiz From the Vault
Featured Blog Post
Where Did the Easter Bunny Come From?
hide this ad
You Might Also Like...
Tags
Artist Quiz
Celebrity Quiz
Lyrics Quiz
Song Quiz
full
mentions
Today's Top Quizzes in Music
Browse Music
hide this ad
Today's Top Quizzes in Artist
Browse Artist
Top Contributed Quizzes in Music
1
Taylor Swift All Songs (2024)
2
Taylor Swift Logic Puzzle
3
Guess the Artist- 70s Songs
4
7-to-1: Billboard Hot 100 #1 Hits of 2010s
5
Sorting Albums and Songs
6
KPOP LOGIC QUIZ
7
Guess the Taylor Swift song (Mystery Song)
8
Guess The Taylor Swift Lyrics Song #1
9
Billboard Blitz: ABBA
10
Billboard Blitz: The Beatles
Explore More
Trending Topics
Disney
Crossword
Kpop
Marvel
NBA
Harry Potter
Anime
Puzzle
Pokémon
NFL
WWE
The Office
Country
Soccer
Song
hide this ad
More By:
SporcleEXP
Quiz
Plays
Rating
Category
Featured
Created
Harry Potter Deaths in Order Minefield
3,068,563
4.18
Literature
Jan 27, 2016
Sins, Dwarfs, and Spice Girls
847,289
4.42
Just For Fun
Apr 11, 2012
Ancient History Bunker
708,219
4.28
History
Jan 20, 2014
Movie Posters VI
679,056
4.37
Movies
Nov 12, 2010
Movie Posters VII
621,881
4.44
Movies
Apr 16, 2011
Go to Creator's Profile
Score Distribution
Quiz Creator Spotlight
SporcleEXP
Follow
Send a Message
Quizzes Created
-
Created Quiz Play Count
-
More By This Creator
Popular Quizzes Today
1
Find the US States - No Outlines Minefield
2
Find the Countries of Europe - No Outlines Minefield
3
The Countries of the World
4
Find the US States
5
Risky Map Clicking: Biggest States A-Z
6
US States
7
Popular People in 1961
8
Movies - When Are They Set?
More Music Quizzes
Music Missing Movies
Published
Trending Quizzes
Risky Map Clicking: Least Populous States A-Z
Countries of the World: 200 Million BC
1-10 Letter G Words
Risky Map Clicking: Next State Alphabetically
Adjectives in 80s TV Shows
Recently Updated
Leaping Animals
pecheneg
Reality TV Shows (A-Z)
bhenderson79
Rickey Henderson's Hall of Fame Teammates
pecheneg
Champions League XIs: Arsenal
pecheneg
Quick Pick: Celebrities in WWE's Hall of Fame
aduchscher
A-Z Keypad Blitz II
pecheneg
Multiple Oscar Actors
pecheneg
Mystery Phrase Blitz: Oscar 'Best Actors'
pecheneg
F. Scott Fitzgerald Novels
LTH
Pick 3 Villains
ddd62291
Trending Topics
Crossword
Disney
Harry Potter
Kpop
Marvel
NBA
Anime
The Office
Puzzle
Pokémon
Song
Soccer
NFL
Country
WWE
Your Account Isn't Verified!
In order to create a playlist on Sporcle, you need to verify the email address you used during registration. Go to your
Sporcle Settings
to finish the process.
Report this User
Report this user for behavior that violates our
Community Guidelines
.
Details:
Send Report
Go to the Sporcle.com Mobile Site →
Comments